{"text_format":"3","workbook":"xls","n_sheets":3,"sheets":["汇总表","网络运营系统","车辆自动识别闸机设备"],"not_rendered":{"external_links":1,"defined_names":5},"read":"whole","date_system":"1900","formulas":"cached_only"}

{"sheet":"汇总表","index":0,"n_rows":5,"n_cols":4,"rows_kept":5,"merged":[[0,0,0,3],[4,0,4,1]],"flags":["formulas_cached_only"]}
["临港高新产业园信息化建设添置设备\n汇总表"]
["序号","项目名称","金额","备注"]
[1,"网络运营系统",372000]
[2,"车辆自动识别闸机设备",68019]
["合计",null,440019]

{"sheet":"网络运营系统","index":1,"n_rows":11,"n_cols":9,"rows_kept":11,"merged":[[0,0,0,8],[10,0,10,4]],"flags":["formulas_cached_only"]}
["网络运营系统\n预算清单"]
["序号","项目名称","技术规格、参数","品牌","型号","单位","数量","含税单价\n(元)","含税合价\n(元)"]
[1,"核心交换机","24口万兆光口高性能数据中心交换机","华为","S6730S-S24X6Q-A","台",1,15000,15000]
[2,"OLT","该款OLT多业务接入设备是业界首个分布式架构的智能汇聚OLT平台，定位为面向NG-PON的下一代OLT。致力于帮助客户构建“更宽、更快、更智能”的接入网络，为用户提供更佳的业务体验。提供GPON、XG-PON、XGS-PON、10G-EPON、EPON、P2P 10GE/GE接入，支持包括FTTH、FTTD、FTTB和FTTC在内的多种建网模式，满足家庭接入、企业接入、移动承载和Wi-Fi热点回传等各种业务场景需求，实现一张光纤网全业务。该设备融合了OLT和汇聚交换机的功能，支持作为大容量汇聚设备实现对ONT、MDU和园区交换机的统一汇聚，帮助简化网络架构，降低OPEX。","华为","MA5800","台",1,9500,9500]
[3,"16端口GPON板","高密度，低功耗，支持1024接入用户，支持同一PON口下两个ONU到PON口最大的距离差为40 km，简化网络规","华为","H901GPUF","块",2,16500,33000]
[4,"多WAN口路由器（负载均衡器）","硬件：采用非X86多核架构，1U机架式设备，16个千兆电口（含2个管理口）+8个千兆光口+8个万兆光口，4个接口扩展槽位，2个硬盘扩展槽位，冗余电源设计，支持交流或直流电源。。\n性能：整机四层吞吐量18Gbps，整机七层吞吐量5Gbps；七层并发连接数375万，七层每秒新建连接数18万。\n功能：支持Vlan、QinQ、STP、MSTP等二层协议，支持RIP、OSPF、BGP、ISIS等路由协议，支持VxLAN技术，链路负载支持多种链路检测方法、不少于10种链路调度算法、内置IPS地址选路、智能DNS、DNS透明代理等功能，服务器负载支持不少于15种持续性算法、不少于10种健康检测算法、温暖上线\\慢宕、服务器繁忙保护等功能，支持TCP连接复用、SSL卸载、HTTP压缩等多种应用优化能力，支持多虚一集群以及一虚多虚拟化功能,支持WAF、IPS、AV等应用层功能。\n配套授权：链路负载不限制链路数量，服务器负载功能免授权。\n","H3C","L1000-AK390","台",1,72000,72000]
[5,"上网管理(认证计费网关)","千兆认证计费网关；支持V4/V6双栈；支持82号文日志采集，支持2000用户同时在线。8个千兆接口含光模块。支持802.1X，web、pppoe、ipoe，远程vpn等多种认证方式。\n软硬件维保(*2年);","城市热点","Dr.COM 2000 （2166-1G）","套",1,140000,140000]
[6,"上网管理（网络计费管理平台系统V6.2)","Billingware 认证计费管理软件；认证计费及用户管理软件。可管理5000注册用户。\n软件维保(*2年);",null,"Dr.COM 2000 V6.2（2166 Billingware-5000）","套",1,45000,45000]
[7,"光猫","品牌光猫，支持1GE+3FE+WIFI功能。","华为","HS8346R","台",200,195,39000]
[8,"集成费用","综合运营系统设备搭建调试，具备对用户上网接入管理能力。",null,null,"项",1,18500,18500]
["合计",{"$nulls":7},372000]

{"sheet":"车辆自动识别闸机设备","index":2,"n_rows":23,"n_cols":9,"rows_kept":23,"merged":[[0,0,0,8],[2,0,2,8],[10,0,10,8],[19,6,19,8],[20,6,20,8],[21,6,21,8],[22,6,22,8]],"flags":["formulas_cached_only"]}
["车辆自动识别闸机设备\n预算清单"]
["序号","项目名称","技术规格、参数","品牌","型号","单位","数量","含税单价\n(元)","含税合价\n(元)"]
["一、道闸前端设备（二个出入口）"]
[1,"出入口控制终端","• 双千兆网卡，支持网络容错以及双网络IP设定、双网隔离等应用\n• 5个千兆自适应RJ45网口具备交换机功能，可接入多路网络设备\n• 2个标准全功能RS232接口，可直接接入标准RS232接口设备\n• 标配128G SSD，应对恶略运行环境，适应性更强\n• 支持大容量图片存储，可选配一块3.5寸机械硬盘\n• 预安装BIOS，自主设计开发BIOS，系统运行稳定可靠\n• 3.5mm标准音频孔设计，便于接入标准接口音频设备\n• HDMI/VGA显示器输出支持，较好的兼容外部显示设备接入\n• 发热量小，优良散热设计，可保证在-20℃~+70℃温度下稳定运行","海康威视","DS-TPE605-S","台","1",7469,7469]
[2,"出入口视频单元","• 高清晰：200万像素高清摄像机，最大分辨率可达1920*1200，帧率高达25fps；\n• 低照度效果：1/2.7\"逐行扫描CMOS，成像效果好， 0.002Lux彩色低照度监控效果，夜间看的更清\n• 集成度高：集摄像机、LED显示屏（可选）、LED补光灯、镜头、喇叭功放于一体，有效节省施工布线成本；\n• 显示屏：LED屏：支持2列四字三色LED屏，显示内容可灵活配置\n• 补光灯：内置9颗高亮LED灯，智能补光技术，支持时控和光控\n• 车牌识别种类：支持识别的号牌类型包括大（小）型汽车、使领馆汽车、警用汽车、教练汽车、新能源汽车、军车等；2019式武警车牌等国标车牌；\n• 黑白名单控制：支持黑、白名单的导入及对比，可直接联动道闸开闸，支持脱机运行；\n• 多种触发模式：支持视频触发、线圈触发、雷达触发等多种触发模式；捕获率高，纯视频识别，纯视频抓拍时可捕获无车牌，捕获率99.9%以上\n• 防跟车模式：支持视频防跟车、雷达/线圈防跟车两种模式，对于连续过车的场景，可实现跟车不落杆，有效解决拥堵问题；\n• 防护等级：机箱表面采用抗紫外线静电喷塑工艺，不起皮，不褪色，防尘防水等级符合室外设备IP54级别要求；","海康威视","DS-TMC2A1-D(LED)","台",4,4800,19200]
[3,"道闸","自动挡车器DS-TMG303-XA是用于机动车通道上的出入口管理设备，广泛应用于停车场、小区、园区、企事业单位门口，管理车辆的出入。可通过停车场管理系统实现自动管理，也可以通过手动遥控实现起落杆。\n\nl  电机上装有手轮装置，停电时，实现手动起落杆；\n\nl  三个按键分别控制起杆、落杆和停止；\n\nl  无触点监测：控制更精准、运行更平稳；\n\nl  具备多种接口，可接入红外线（输入低电平信号）、地感及收费系统；\n\nl  接线简单，无需布线及配线；\n\nl  无线摇控功能（采用430.5MHZ遥控器）；\n\nl  环境适应性强，支持低温-30℃安全使用；","海康威视","DS-TMG301-XA(1.5+2.5曲臂杆)","台",4,4800,19200]
[4,"出入口雷达","• 支持 2 个线圈输入\n• 可检测出二轮以上的机动车辆\n• 具有故障检测功能，能输出线圈工作状态\n• 具有防浪涌雷击保护功能，能有效保护车辆检测器\n• 快速、有效、准确检测车辆的到达和离开","海康威视","NP-TMG022","台",4,900,3600]
[5,"防撞固定挡车柱","钢管警示柱反光柱防撞固定挡车柱道口标地桩隔离护栏路障杆防护栏尺寸：60mm管子直径：76mm，底座直径：150mm，管壁厚度：2.0mm，反光膜：高强反光膜，颜色：黄黑；","国产","国标","套",12,75,900]
[6," 管理软件","车牌识别管理系统软件","海康威视","定制","套",1,2160,2160]
[7,"交换机","8口千兆交换机","华为/H3C","8口","台",2,295,590]
["二、线管材料"]
[1,"光纤","12芯单模光缆，50/125um，含熔纤","烽火","GYTA-12B1.3","米",180,5.52,993.5999999999999]
[2,"光收发器","一对（A：1光4电与B：1光1电）；单模单纤千兆光电收发器","理智兴华","XH-D9400","对",1,300,300]
[3,"尾纤","1.连接器采用句型结构及弹性卡子锁紧结构,防拉设计,防腐蚀主体;2.低损耗连接,高反射;3.单模G652D;4、插入损耗(dB):≤0.2(典型值)/≤0.35(最大值);5、互换性(dB):≤0.5dB;6、工作温度:-25℃~70℃;","烽火","双芯单模","条",8,12,96]
[4,"PVC线管","国标θ20/θ25","国产","θ20/θ25","米",160,2.78,444.79999999999995]
[5,"电源线","国标RVV3*1.5电源线","国产","RVV3*1.5","米",160,5.6,896]
[6,"信号控制线","国标RVV4*1.0","国产","RVV4*1.0","米",185,6.6,1221]
[7,"网线"," 护套材质：PVC ；u 护套颜色（可选）：默认灰色；u 成品外径：7.6±0.3mm； u 导体：99.99%无氧铜 ；u 导体直径：23AWG；u 导体绝缘外径：1.06±0.05mm ；u 芯数：4*2 ；u 特性阻抗：100±15Ω ；u 单根导体最大电阻：≤9.5Ω/100m ；u 导体间介电强度，DC，1min：1Kv/1min ；u 工作电容最大值：≤5.6nF/100m ；u 线对直流电阻不平衡性：≤2.5% ；u 最小互电容：51pf/m ；u 最大平衡电容：160pf/km； u 最大电流平衡：2%  ；u 敷设弯曲半径：建议敷设弯曲半径>8倍线缆外径 ；u 敷设拉力：建议敷设时短期拉力<110N ；u 使用拉力：建议使用时长期拉力<20N ；u 施工温度： 0～40℃ ；u 使用温度： -10～60℃ ；","大华","六类线","米",285,2.88,820.8]
[8,"设备安装调试及其它辅助材料等","各类线管辅材、接头、配线、紧固件、开关及其它辅材等","国产","国标","项",1,1000,1000]
["三","设备材料费合计","一+二",{"$nulls":3},{"v":58891.200000000004,"d":"58891"}]
["四","工程安装费","三*10%",{"$nulls":3},{"v":5889.120000000001,"d":"5889"}]
["五","工程调试费","（三+四）*5%",{"$nulls":3},{"v":3239.0160000000005,"d":"3239"}]
["六","工程总价","三+四+五",{"$nulls":3},{"v":68019.33600000001,"d":"68019"}]